| 000 | 00797cam a2200229 4500 | ||
|---|---|---|---|
| 001 | WB3731-22 | ||
| 008 | 010810n2001 000 0 eng u | ||
| 035 | _a(Sirsi) u114053 | ||
| 245 | _aHousebuilding statistics: June 2001 | ||
| 260 | _c2001 | ||
| 490 |
_aDTLR News Release _v9 August 2001, (2) |
||
| 520 | _aDuring June 2001, some 16,900 dwellings were started compared with 17,800 in June 2000. Completions in the same period were down on last year from 15,900 to 13,600. Further housebuilding statistics available on the DTLR website at http://www.dtlr.gov.uk | ||
| 590 | _aWB | ||
| 650 | _aHOUSE BUILDING | ||
| 650 | _aNEW DWELLINGS | ||
| 650 | _aCONSTRUCTION MARKET | ||
| 650 | _aSTATISTICS | ||
| 650 | _aCOMPLETIONS | ||
| 650 | _aSTARTS | ||
| 690 | _aHOUSING | ||
| 942 | _n0 | ||
| 999 |
_c67983 _d67983 |
||